[Event "AUTO-OPEN-3020"]
[Site "http://www.queenalice.com/game.php?id=1194219"]
[Date "2013.6.26"]
[Round "1"]
[White "lvali40"]
[Black "kpablanca197"]
[Result "1-0"]
[WhiteElo "1131"]
[BlackElo "1621"]

1. e4 e5 2. f4 Nc6 3. Nf3 d6 4. Bc4 Qe7 5. O-O Be6 6. Bb5 Bd7 7. Nc3 h6 8. fxe5
dxe5 9. Bxc6 Bxc6 10. d4 O-O-O 11. d5 Nf6 12. Be3 b6 13. Qe2 Bb7 14. Qc4 Ng4 15.
Bd2 Qc5+ 16. Qxc5 Bxc5+ 17. Kh1 Nf2+ 18. Rxf2 Bxf2 19. Nxe5 1-0

[Event "AUTO-OPEN-3020"]
[Site "http://www.queenalice.com/game.php?id=1194220"]
[Date "2013.6.26"]
[Round "1"]
[White "kpablanca197"]
[Black "lvali40"]
[Result "0-1"]
[WhiteElo "1621"]
[BlackElo "1131"]

1. e4 e5 2. Nf3 Nc6 3. Bb5 a6 4. Ba4 b5 5. Bb3 Bb7 6. O-O Bc5 7. d3 Nge7 8. c3
O-O 9. Re1 Kh8 10. Bc2 f5 11. Ng5 h6 12. Qh5 Qe8 13. Qxe8 Raxe8 14. Nf3 d6 15.
a4 fxe4 16. dxe4 Ng6 17. Nbd2 b4 18. cxb4 Bb6 19. b5 axb5 20. axb5 Nd4 0-1

[Event "AUTO-BEG-588"]
[Site "http://www.queenalice.com/game.php?id=1195619"]
[Date "2013.6.30"]
[Round "1"]
[White "JamesBrown"]
[Black "lvali40"]
[Result "1-0"]
[WhiteElo "1465"]
[BlackElo "1116"]

1. e4 c5 2. c3 e6 3. Bb5 a6 4. Ba4 b5 5. Bb3 c4 6. Bc2 Bb7 7. Ne2 d5 8. Ng3 Nf6
9. e5 Nfd7 10. O-O Be7 11. Qg4 O-O 12. Qh5 g6 13. Qh6 Bg5 14. Qh3 Nxe5 15. d3
Nxd3 16. Bxd3 Bxc1 17. Rxc1 1-0

[Event "AUTO-BEG-588"]
[Site "http://www.queenalice.com/game.php?id=1195620"]
[Date "2013.6.30"]
[Round "1"]
[White "lvali40"]
[Black "JamesBrown"]
[Result "0-1"]
[WhiteElo "1113"]
[BlackElo "1467"]

1. d4 d5 2. c4 e6 3. Nc3 c5 4. cxd5 exd5 5. Nf3 Nc6 6. e3 Bg4 7. Be2 cxd4 8.
Nxd4 Bb4 9. O-O Nf6 10. Bxg4 O-O 11. Bf3 Ne5 12. Qb3 a5 13. a3 Bxc3 14. Qxc3 Ne4
15. Bxe4 dxe4 0-1

[Event "AUTO-BEG-588"]
[Site "http://www.queenalice.com/game.php?id=1195633"]
[Date "2013.6.30"]
[Round "1"]
[White "bpctreinamento"]
[Black "lvali40"]
[Result "0-1"]
[WhiteElo "1477"]
[BlackElo "1154"]

1. e4 c5 2. Bc4 e6 3. Nf3 d5 4. exd5 exd5 5. Bb5+ Nc6 6. Ne5 Ne7 7. Qf3 f6 8.
Bxc6+ bxc6 9. Nd3 Ng6 10. Qe3+ Be7 11. Nxc5 O-O 12. Ne6 Bxe6 13. Qxe6+ Kh8 14.
Qxc6 Ne5 15. Qc3 a5 16. d4 Bb4 17. Qxb4 axb4 18. dxe5 fxe5 19. O-O h5 20. Bd2
Qd6 21. a3 bxa3 22. bxa3 d4 23. Bb4 Qg6 24. Bxf8 Rxf8 25. Nd2 Qxc2 26. Nf3 Rf5
27. Rac1 Qb3 28. Ra1 g5 29. Rfb1 Qd5 30. Rb8+ Kg7 31. Rab1 d3 32. R1b7+ Kg6 33.
Rb6+ Rf6 34. Rb5 Qa2 35. Nxe5+ Kh6 36. Rh8+ Kg7 37. Rxh5 Qa1+ 38. Rb1 Qxb1# 0-1

[Event "AUTO-BEG-588"]
[Site "http://www.queenalice.com/game.php?id=1195634"]
[Date "2013.6.30"]
[Round "1"]
[White "lvali40"]
[Black "bpctreinamento"]
[Result "1-0"]
[WhiteElo "1303"]
[BlackElo "1535"]

1. e4 e5 2. f4 exf4 3. Nf3 g5 4. Bc4 Nf6 5. d4 Nxe4 6. O-O d6 7. b4 d5 8. Bd3
Bxb4 9. a3 Bc3 10. Nxc3 Nxc3 11. Qe1+ Be6 12. Qxc3 Nc6 13. Ne5 Nxe5 14. dxe5 d4
15. Qb4 b6 16. Bb5+ Bd7 17. Bb2 Bxb5 18. Qxb5+ Qd7 19. Qxd7+ Kxd7 20. Bxd4 c5
21. e6+ fxe6 22. Bxh8 Rxh8 23. a4 h5 24. Kf2 g4 25. c4 h4 26. a5 g3+ 27. hxg3
hxg3+ 28. Kf3 e5 29. Ke4 Ke6 30. axb6 axb6 31. Ra6 Rb8 32. Rb1 Rb7 33. Rbxb6+
Rxb6 34. Rxb6+ Kd7 35. Kxe5 Kc7 36. Rh6 Kd7 37. Kxf4 Ke7 38. Kxg3 Kf7 39. Rc6
Ke7 40. Rxc5 Kd6 41. Rd5+ Kc6 42. Kf4 Kc7 43. g4 Kc6 44. g5 Kc7 45. g6 Kc6 46.
g7 Kb6 47. g8=Q Kc6 48. Qc8+ Kb6 49. Rb5+ Ka7 50. Qb7# 1-0

[Event "AUTO-BEG-588"]
[Site "http://www.queenalice.com/game.php?id=1195643"]
[Date "2013.6.30"]
[Round "1"]
[White "lvali40"]
[Black "marcosuc"]
[Result "0-1"]
[WhiteElo "1164"]
[BlackElo "1326"]

1. e4 e5 2. f4 exf4 3. Nf3 Nc6 4. Bb5 Nf6 5. e5 Ne4 6. Bxc6 dxc6 7. d4 Bg4 8.
O-O h5 9. Bxf4 h4 10. h3 Bf5 11. c4 Bb4 12. a3 Ba5 13. b4 Ng3 14. Re1 Be4 15.
bxa5 Rh5 16. Ng5 Rxg5 17. Bxg5 Qxg5 18. Nc3 Bf5 19. d5 Nh5 20. Qf3 cxd5 21. cxd5
Nf4 22. e6 fxe6 23. dxe6 Bxe6 24. Ne4 Qe5 25. Rad1 Rd8 26. Rxd8+ Kxd8 27. Qd1+
Ke7 28. a6 bxa6 29. a4 Qf5 0-1

[Event "AUTO-BEG-588"]
[Site "http://www.queenalice.com/game.php?id=1195644"]
[Date "2013.6.30"]
[Round "1"]
[White "marcosuc"]
[Black "lvali40"]
[Result "0-1"]
[WhiteElo "1206"]
[BlackElo "1072"]

1. e4 c5 2. Bc4 e6 3. e5 a6 4. Qe2 b5 5. Bd3 Bb7 6. Be4 Nc6 7. Nf3 d5 8. Bxd5
Qxd5 9. Nc3 Qd8 10. Ng5 Qxg5 11. Rg1 Nd4 12. Qd1 Bxg2 13. b3 Nf3+ 14. Ke2 Qxe5+
15. Kd3 O-O-O+ 0-1

[Event "AUTO-OPEN-3137"]
[Site "http://www.queenalice.com/game.php?id=1238315"]
[Date "2013.12.7"]
[Round "1"]
[White "Takeda"]
[Black "lvali40"]
[Result "1-0"]
[WhiteElo "1982"]
[BlackElo "1313"]

1. e4 c5 2. Nf3 e6 3. d4 cxd4 4. Nxd4 a6 5. Bc4 b5 6. Bb3 Bb7 7. Nc3 Be7 8. O-O
Nf6 9. e5 Ng8 10. a4 b4 11. Nce2 a5 12. c3 bxc3 13. bxc3 d6 14. exd6 Bxd6 15.
Nb5 Bc7 16. Qxd8+ Bxd8 17. Nd6+ Kf8 18. Nxb7 Be7 19. Ba3 Nf6 20. Bxe7+ Kxe7 21.
Rad1 Nbd7 22. Nd6 Rhd8 23. Rd2 Nc5 24. Bxe6 Kxe6 25. Nf4+ Ke5 26. Nxf7+ Kxf4 27.
Rxd8 Rxd8 28. Nxd8 Nxa4 29. Ne6+ Ke4 30. Ra1 Nxc3 31. Rxa5 Ncd5 32. Nxg7 h5 33.
f3+ Kf4 34. Nxh5+ Ke3 35. Nxf6 Nxf6 36. h4 Kf4 37. h5 1-0

[Event "AUTO-OPEN-3137"]
[Site "http://www.queenalice.com/game.php?id=1238347"]
[Date "2013.12.7"]
[Round "1"]
[White "lvali40"]
[Black "BartolomeuDias"]
[Result "0-1"]
[WhiteElo "1338"]
[BlackElo "2454"]

1. e4 e6 2. d4 d5 3. e5 c5 4. c3 Nc6 5. Bb5 Qa5 6. Bxc6+ bxc6 7. Ne2 cxd4 8.
Nxd4 c5 9. Ne2 Qc7 10. f4 Nh6 11. O-O Be7 12. Be3 O-O 13. Nd2 Ng4 14. Bf2 Rb8
15. b3 f6 16. exf6 Rxf6 17. Bh4 Ne3 18. Qc1 Rg6 19. Bxe7 Rxg2+ 20. Kh1 Rxe2 21.
Bh4 d4 22. Rg1 Qb7+ 0-1

[Event "AUTO-OPEN-3137"]
[Site "http://www.queenalice.com/game.php?id=1238348"]
[Date "2013.12.7"]
[Round "1"]
[White "BartolomeuDias"]
[Black "lvali40"]
[Result "1-0"]
[WhiteElo "2455"]
[BlackElo "1336"]

1. e4 c5 2. Nf3 e6 3. Nc3 d5 4. exd5 exd5 5. Bb5+ Nc6 6. d4 c4 7. Ne5 Bd7 8. O-O
Rc8 9. Nxd5 Nxe5 10. Re1 f6 11. Bxd7+ Qxd7 12. dxe5 fxe5 13. Qh5+ Qf7 14. Qxe5+
Be7 15. Bg5 Nf6 16. Nxe7 Ra8 17. Ng6+ Kd8 18. Rad1+ Kc8 19. Ne7+ Qxe7 20. Qxe7
Re8 21. Qc5+ Kb8 22. Bf4+ 1-0

[Event "AUTO-BEG-597"]
[Site "http://www.queenalice.com/game.php?id=1239511"]
[Date "2013.12.12"]
[Round "1"]
[White "lvali40"]
[Black "mariuszhagel"]
[Result "1/2-1/2"]
[WhiteElo "1340"]
[BlackElo "2021"]

1. e4 e6 2. d4 d5 3. exd5 exd5 4. c4 Nf6 5. Nc3 Be7 6. Nf3 O-O 7. c5 b6 8. b4 a5
9. bxa5 bxc5 10. dxc5 Bxc5 11. Be2 Bb4 12. Bb2 Bxa5 13. O-O Bb7 14. h3 c6 15.
Qd4 Bb6 16. Qh4 Re8 17. Bd3 Ba6 18. Bxa6 Rxa6 19. a4 Ne4 20. Qxd8 Bxd8 21. Nxe4
dxe4 22. Rfe1 Ba5 23. Re2 f5 24. Nd4 c5 25. Nxf5 Ra7 26. f3 e3 27. Rxe3 Rxe3 28.
Nxe3 Rb7 29. Be5 Nc6 30. Bd6 Bb4 31. Nc4 Ra7 32. Kf2 Kf7 33. Ke3 Ke6 34. f4 Kd5
35. Rc1 Nd4 36. Be5 Ke6 37. g4 Rxa4 38. Bxd4 cxd4+ 39. Kxd4 Bd2 40. Rd1 Bxf4 41.
Re1+ Kf6 42. Kc3 Ra2 43. Kd4 Rh2 44. Rf1 g5 45. Rf3 Ke6 46. Rb3 Ra2 47. Rb6+ Kf7
48. Ne5+ Kg7 49. Ke4 Ra3 50. h4 Ra4+ 51. Kf3 Bxe5 52. hxg5 Ra3+ 53. Ke4 Bg3 54.
Kf5 Ra5+ 55. Ke4 Rxg5 56. Kf3 Be1 57. Kf4 Rg6 58. Rb7+ Kh6 59. g5+ Rxg5 60.
Rxh7+ Kxh7 61. Kxg5 Bh4+ 62. Kxh4 Kg6 1/2-1/2

[Event "AUTO-BEG-597"]
[Site "http://www.queenalice.com/game.php?id=1239512"]
[Date "2013.12.12"]
[Round "1"]
[White "mariuszhagel"]
[Black "lvali40"]
[Result "1-0"]
[WhiteElo "1745"]
[BlackElo "1334"]

1. e4 c5 2. Nf3 e6 3. d4 cxd4 4. Nxd4 a6 5. Nc3 b5 6. Bd3 Bb7 7. O-O d5 8. exd5
Bxd5 9. Nxd5 Qxd5 10. Re1 Nf6 11. Be2 Bc5 12. Bf3 Qxd4 13. Qxd4 Bxd4 14. Bxa8
Nbd7 15. Bc6 O-O 16. Bxd7 Nxd7 17. c3 Bb6 18. Be3 Ba5 19. b4 Bd8 20. Rad1 Nf6
21. Bg5 h6 22. Be3 Nd5 23. Bc5 Re8 24. Rxd5 exd5 25. Rxe8+ Kh7 26. Rxd8 1-0

[Event "AUTO-BEG-597"]
[Site "http://www.queenalice.com/game.php?id=1239513"]
[Date "2013.12.12"]
[Round "1"]
[White "lvali40"]
[Black "DAN1958"]
[Result "1-0"]
[WhiteElo "1354"]
[BlackElo "1447"]

1. e4 e5 2. f4 exf4 3. Nf3 h6 4. Bc4 Nf6 5. e5 Ne4 6. O-O Nc6 7. d4 Ng5 8. Bxf4
Na5 9. Bb5 a6 10. Ba4 b5 11. Bb3 Nxb3 12. axb3 c6 13. Nxg5 hxg5 14. Bg3 d5 15.
Qf3 f5 16. exf6 gxf6 17. Qxf6 Qxf6 18. Rxf6 Bb7 19. Nd2 Rh6 20. Rxh6 Bxh6 21.
Nf3 Bc8 22. Ne5 Bb7 23. Re1 Bg7 24. Nxc6+ Kf8 25. Bd6+ Kg8 26. Ne7+ Kh7 27. c3
Rd8 28. Bc5 Re8 29. Re3 Bf8 30. g4 Bxe7 31. Rxe7+ Rxe7 32. Bxe7 Bc8 33. Bxg5
Bxg4 34. Kf2 Bd1 35. Ke3 Bxb3 36. h4 Kg6 37. Kf4 Bc2 38. Ke5 Bb3 39. Kd6 Kf5 40.
Bd8 Kg6 41. Kc5 Kh5 42. Kb6 Bc4 43. Kxa6 Bd3 44. Kb6 Bc4 45. Kc5 Kg4 46. Kb4 Kh5
47. b3 Bd3 48. Kc5 Be2 49. Kxd5 Bf1 50. Kc5 Be2 51. c4 bxc4 52. bxc4 Kg4 53. d5
Kf5 54. Kd4 Kg6 55. c5 Kf7 56. c6 Ke8 57. Bg5 Ba6 58. d6 1-0

[Event "AUTO-BEG-597"]
[Site "http://www.queenalice.com/game.php?id=1239514"]
[Date "2013.12.12"]
[Round "1"]
[White "DAN1958"]
[Black "lvali40"]
[Result "1-0"]
[WhiteElo "1347"]
[BlackElo "1328"]

1. e4 c5 2. d3 e6 3. c4 d5 4. e5 Nc6 5. Nf3 g6 6. Nc3 Bg7 7. Be3 d4 8. Bg5 Nge7
9. a3 O-O 10. h3 Qd7 11. Ne4 b6 12. Be2 Bb7 13. O-O Nf5 14. Qd2 a6 15. g4 Nfe7
16. Nd6 Nc8 17. Nxb7 Qxb7 18. Kg2 Nxe5 19. Bf4 Nxf3 20. Bxf3 Qa7 21. Bxa8 Qxa8+
22. f3 e5 23. Bg3 Qc6 24. b3 f5 25. g5 e4 26. fxe4 fxe4 27. Rxf8+ Bxf8 28. dxe4
Qxe4+ 29. Kh2 Bg7 30. Re1 Qc6 31. h4 Nd6 32. Qf4 Nf5 33. Qb8+ Bf8 34. Re8 Nxg3
35. Kxg3 Kg7 36. Rxf8 Qe6 37. Re8 Qf5 38. Re7+ Qf7 39. Rxf7+ Kxf7 40. Qxb6 1-0

[Event "Let's Play !"]
[Site "http://www.queenalice.com/game.php?id=1247034"]
[Date "2014.1.11"]
[Round "-"]
[White "lvali40"]
[Black "digger"]
[Result "1-0"]
[WhiteElo "1311"]
[BlackElo "1630"]

1. e4 d5 2. exd5 Qxd5 3. Nf3 Qe4+ 4. Be2 Bg4 5. O-O e5 6. Nc3 Qf5 7. d3 Bd6 8.
Be3 Qg6 9. Nxe5 Bxe2 10. Nxg6 Bxd1 11. Nxh8 Bxc2 12. Bd4 Bxd3 13. Rfe1+ Ne7 14.
Bxg7 Nd7 15. Rad1 Nc5 16. b4 Bc2 17. Rd2 O-O-O 18. Rxc2 Nd3 19. Re3 Ne5 20. Bxe5
Nf5 21. Ree2 Bxe5 22. Rxe5 Nd4 23. Rc1 Rxh8 24. a3 b6 25. Kf1 Kb7 26. Nd5 Nb3
27. Rxc7+ Ka6 28. Rxf7 Nd2+ 29. Ke2 Nc4 30. Ree7 h6 31. a4 Ra8 32. Nc7+ Kb7 33.
b5 Rc8 34. Na6+ Ka8 35. Rxa7# 1-0

[Event "Challenge"]
[Site "http://www.queenalice.com/game.php?id=1247102"]
[Date "2014.1.11"]
[Round "-"]
[White "digger"]
[Black "lvali40"]
[Result "1-0"]
[WhiteElo "1627"]
[BlackElo "1332"]

1. e4 c5 2. c3 e6 3. e5 d5 4. c4 d4 5. d3 Nc6 6. Qe2 Qc7 7. Nf3 Nxe5 8. Nxe5 Bd6
9. f4 Bxe5 10. fxe5 Ne7 11. Bf4 O-O 12. g3 Ng6 13. Nd2 a6 14. Bh3 Bd7 15. Nb3 b6
16. Nd2 Bc6 17. Bg2 Bxg2 18. Qxg2 Nxe5 19. O-O f6 20. Ne4 g5 21. Bd2 Nxd3 22.
Nxf6+ Kg7 23. Nh5+ Kg6 24. g4 Nxb2 25. Rxf8 Rxf8 26. Qe4+ Kh6 27. Qxe6+ Rf6 28.
Qxf6# 1-0